000 00445nam a2200157Ia 4500
008 151021s9999 xx 000 0 und d
020 _a9.7800701648e+012
050 _aQl 47 .2 m55 2010
245 _a_Zoology(8th ed) Stephen A.Miller
260 _aNew York McGraw hill 2010
300 _axvi,592p,ill
500 _aIncludes Index
650 _a_Animal classification
700 _a_John P.Harley
980 _a^d20110728 01:18:29^oanne
999 _c8096
_d8096